Personnalités nées dans les années 1980 - Statistiques

Statistiques générales
  • Ce quiz a été pris 117 fois
  • Le résultat moyen est 15 sur 50
Statistiques - réponses
Année Description Personnalité % Correct
1985 Siuuuuuuuuuuu (n'a jamais marqué en phases finales de coupe du monde) Cristiano Ronaldo
77%
1987 La Pulga, le GOAT Lionel Messi
67%
1983 Elle est Back to Black Amy Winehouse
62%
1980 Oh la boulette Diam's
61%
1983 Le rouetourne finira par tourner Franck Ribéry
57%
1984 Il est VRAIMENT Mark Zuckerberg Mark Zuckerberg
57%
1984 Le handballeur le plus connu de France Nikola Karabatic
53%
1980 Il a toujours préféré aux voisins, les voisines Renan Luce
51%
1988 La Barbadienne la plus connue du monde Rihanna
49%
1985 Il cherche toujours son père Stromae
46%
1982 Son Altesse Royale, princesse de Galles Kate Middleton
44%
1982 TP Tony Parker
44%
1987 Le grand méchant du tennis mondial Novak Djokovic
43%
1989 Le roumain le plus connu d'internet Cyprien Iov
41%
1981 "Je suis arrivé comme un roi, je repars comme une légende." Zlatan Ibrahimović
41%
1986 Jamais sans Jean-Marc Jeff Panacloc
39%
1980 "Si je te fends le crâne en deux, quel œil va se fermer le premier ?" Kaaris
37%
1989 Tennisman français qui veut juste qu'on le laisse rentrer chez lui Benoît Paire
34%
1988 Ballon d'or 2020 du peuple Robert Lewandowski
33%
1981 "J'ai d'abord rappelé à Guardiola qu'il n'a jamais été un grand joueur." Samuel Eto'o
33%
1984 Black Widow Scarlett Johansson
33%
1987 El Pistolero Luis Suárez
29%
1986 David Coscas Mcfly
28%
1982 On ne lui a jamais dit qu'il avait la voix d'Homer Simpson Orelsan
28%
1989 A écrasé sa discipline en remportant pas moins de ONZE titres de champions du monde Teddy Riner
28%
1984 Il a les yeux plus gros que le monde Black M
27%
1989 "Mais non ? Hasard de dingue !" Pierre Niney
27%
1981 Il est Mr Robot Rami Malek
27%
1985 Elle ne sait pas danser Natoo
25%
1989 What the cut ? Iconique membre du groupe Insuline et Nicotine Antoine Daniel
24%
1981 La star des calendriers Clara Morgane
24%
1982 Guide suprême de son pays Kim Jong-un
22%
1981 Il possède des thunes David Castello-Lopes
19%
1987 Il aurait, d'après la légende, un plus grand potentiel que Messi Hatem Ben Arfa
19%
1987 Le fils de Lucius Tom Felton
19%
1984 El Niño Fernando Torres
16%
1986 Tire son nom d'une chanson de Queen mais s'est tatouée David Bowie Lady Gaga
16%
1983 Célèbre Dieu de la foudre dans la mythologie nordique Chris Hemsworth
15%
1980 Un hérisson barcelonais de grand talent Xavi Hernandez
15%
1982 Il est autant Titeuf que Mark Zuckerbeg, autant Spider-Man que Petit Pied Donald Reignoux
13%
1985 Septuple champion du monde, adepte du Hammertime Lewis Hamilton
11%
1988 Aussi Cruelle que romantique Emma Stone
9%
1983 Il est vraiment Mark Zuckerberg Jesse Eisenberg
8%
1988 Elle est (la) Joi mais est aussi Marilyn Ana de Armas
5%
1983 L'Américain le plus recherché des Etats-Unis, il est le CitizenFour Edward Snowden
5%
1986 Do you know who is the English prime minister ? Olivier Giroud
4%
1986 Elle a bien changé entre Annabeth Chase et True Detective Alexandra Daddario
3%
1980 Poupon canadien en chair et en os Ryan Gosling
3%
1988 Basiquement Benjamin Brillaud qui nous conte et raconte l'Histoire Nota Bene
1%
1985 Ce n'est qu'un humain après tout Rag'n'Bone Man
1%
Aucun quiz correspondant
Distribution des résultats
% des personnes avec chaque résultat
Percentile par nombre de réponses
Votre historique - résultats
Vous n’avez pas pris ce quiz